00393nam a22000977a 4500008004100000082001800041245015400059260003700213300000800250710003700258230605b xxu||||| |||| 00| 0 eng d a328.307bCPST aInformation Communication and Participation and Outreach For The LegislaturebA manual of the Center for Parliamentary Studies and TrainingcNew York aNew YorkbState Universityc2015 a202 bState UniversitycNew Yorkd2015